I Need You - The Beatles full Lyrics - Statistics

General Stats
  • This quiz has been taken 13 times
  • The average score is 138 of 178
Answer Stats
Answer % Correct
I
100%
need
100%
You
100%
you,
100%
you
100%
you.
100%
a
92%
don't
92%
love
92%
and
85%
be,
85%
can
85%
how
85%
leave
85%
me,
85%
me?
85%
me
85%
much
85%
my
85%
never
85%
realise
85%
the
85%
when
85%
your
85%
all
77%
as
77%
come
77%
in
77%
looked
77%
lovin'
77%
on
77%
Please
77%
time
77%
to
77%
want
77%
anymore.
69%
anymore,
69%
back
69%
can't
69%
eyes,
69%
just
69%
oh,
69%
see
69%
So,
69%
told
69%
yes,
69%
about
62%
could
62%
didn't
62%
go
62%
had
62%
I'm
62%
it
62%
know
62%
like
62%
lonely
62%
That's
62%
that's
62%
this,
62%
feel
54%
feeling
54%
hurt
54%
live
54%
really
54%
remember
54%
Said
54%
tell
54%
thing
54%
was
54%
upset
46%
without
46%
would
46%
But
38%
or
38%
two
38%
what
38%
mean
31%
No matching quizzes found
Score Distribution
Percent of People with Each Score
Percentile by Number Answered
Your Score History
You have not taken this quiz